=LDR 00000nam 2200000 4500 =001 INLIS000000000008862 =005 20130612100702 =008 ***********************************Ind** =035 ##$$0010-061300000008862 =041 ##$$a Ind =082 ##$$a 614.599 3 =090 ##$$a 614.599 3, Yat d =100 ##$$a Yatin, Dany Irawan =245 ##$$a Dialog Seputar AIDS, Dany Irawan Yatin =250 ##$$a Seri Panduan PPa No.002 =260 ##$$a [19 ..?] $b Jakarta =300 ##$$a 76 hlm, 16 cm =650 ##$$a AIDS ( Penyakirt =850 ##$$a NBPNMAT